| LEADER 00000nam a2200000 a 4500 |
| 001 13399128823 |
| 003 BCNR |
| 008 210224s2567 th a 000 0 tha d |
| 020 ^a9789740340065
|
| 041 ^atha
|
| 050 4 ^aHF5415^bส761ห 2567
|
| 100 0 ^aสุชาติ ไตรภพสกุล
|
| 245 10 ^aหลักการตลาดเพื่อการเป็นผู้ประกอบการ =^bMarketing principles for entrepreneurship /^bสุชาติ ไตรภพสกุล
|
| 246 31 ^aMarketing principles for entrepreneurship
|
| 250 ^aพิมพ์ครั้งที่ 3
|
| 260 ^aกรุงเทพฯ :^bสำนักพิมพ์จุฬาลงกรณ์มหาวิทยาลัย,^c2567
|
| 300 ^a559 หน้า :^bภาพประกอบ, ตาราง ;^c26 ซม.
|
| 505 0 ^aส่วนที่ 1 การตลาดและกระบวนการตลาด -- บทที่ 1 ความเป็นผู้ประกอบการและการตลาด -- บทที่ 2 การตัดสินใจทางการตลาดสำหรับผู้ประกอบการ -- บทที่ 3 รูปแบบธุรกิจและการตัดสินใจซื้อของผู้บริโภค -- บทที่ 4 การแบ่งส่วนการตลาด การกำหนดตลาด กลุ่มเป้าหมายและตำแหน่งทางการตลาด -- ส่วนที่ 2 การออกแบบกลยุทธ์ส่วนประสมทางการตลาด -- บทที่ 5 นโยบายผลิตภัณฑ์สำหรับผู้ประกอบการ -- บทที่ 6 นโยบายการตั้งราคาของผู้ประกอบการ -- บทที่ 7 นโยบายช่องทางการจัดจำหน่ายของผู้ประกอบการ -- บทที่ 8 การสื่อสารทางการตลาดสำหรับผู้ประกอบการ -- บทที่ 9 ส่วนประสมทางการสื่อสารทางการตลาด : การสื่อสารมวลชน -- บทที่ 10 ส่วนประสมทางการสื่อสารทางการตลาด : การสื่อสารทางดิจิทัลและการสื่อสารส่วนบุคคล -- บทที่ 11 การตลาดระหว่างประเทศสำหรับผู้ประกอบการ -- ส่วนที่ 3 การประยุกต์ใช้เครือข่ายสังคมออนไลน์เพื่อการประกอบการ -- บทที่ 12 การประยุกต์ใช้เฟซบุ้กแฟนเพจเพื่อการประกอบการ -- บทที่ 13 การประยุกต์ใช้ไลน์ออฟพิซเชียลแอคเคานต์เพื่อการประกอบการ -- บทที่ 14 การประยุกต์ใช้ยูทูบเพื่อการประกอบการ -- บทที่ 15 การประยุกต์ใช้ทวิตเตอร์เพื่อการประกอบการ -- บทที่ 16 การประยุกต์ใช้อินสตาแกรมและติ๊กต๊อกเพื่อการประกอบการ
|
| 650 2 ^aMarketing
|
| 650 2 ^aInternet marketing
|
| 650 2 ^aEntrepreneur
|
| 650 2 ^aEntrepreneurship
|
| 650 4 ^aการตลาด
|
| 650 4 ^aการตลาดอินเทอร์เน็ต
|
| 650 4 ^aผู้ประกอบการ
|
| 650 4 ^aความเป็นผู้ประกอบการ
|
| 999 ^aบรรณารักษ์
|